<?xml version="1.0" encoding="UTF-8"?>
<record
    xmlns:xsi="http://www.w3.org/2001/XMLSchema-instance"
    xsi:schemaLocation="http://www.loc.gov/MARC21/slim http://www.loc.gov/standards/marcxml/schema/MARC21slim.xsd"
    xmlns="http://www.loc.gov/MARC21/slim">

  <leader>01629nam a22003617a 4500</leader>
  <controlfield tag="001">00002345</controlfield>
  <controlfield tag="003">DO-SdBNP</controlfield>
  <controlfield tag="005">20180314105158.0</controlfield>
  <controlfield tag="007">00002345</controlfield>
  <controlfield tag="008">160509b  2009 dr a      xxu||||| |||| 00| 0 spa d</controlfield>
  <datafield tag="020" ind1=" " ind2=" ">
    <subfield code="a">9789945171969</subfield>
  </datafield>
  <datafield tag="040" ind1=" " ind2=" ">
    <subfield code="a">BPMSU</subfield>
    <subfield code="b">spa</subfield>
    <subfield code="c">BPMSU</subfield>
  </datafield>
  <datafield tag="082" ind1=" " ind2=" ">
    <subfield code="a">373.54</subfield>
    <subfield code="b">Q69e     1ro.   2009</subfield>
  </datafield>
  <datafield tag="245" ind1="1" ind2="0">
    <subfield code="a">Qu&#xED;mica 1: </subfield>
    <subfield code="b">educaci&#xF3;n media /</subfield>
    <subfield code="c">Ana Ca&#xF1;as Cort&#xE1;zar ...  [et al.] ; coordinaci&#xF3;n Cristiana Amiama Espaillat ; direcci&#xF3;n editorial Luis  Miguel Aguas Vanin ; ilustraci&#xF3;n Henry Cid ... [et al].</subfield>
  </datafield>
  <datafield tag="260" ind1=" " ind2=" ">
    <subfield code="a">Santo Domingo :</subfield>
    <subfield code="b">SM ; </subfield>
    <subfield code="c">2009</subfield>
  </datafield>
  <datafield tag="300" ind1=" " ind2=" ">
    <subfield code="a">143 p. : </subfield>
    <subfield code="b">il. ; </subfield>
    <subfield code="c">28 cm. </subfield>
  </datafield>
  <datafield tag="490" ind1="1" ind2=" ">
    <subfield code="a">Proyecto saber m&#xE1;s</subfield>
  </datafield>
  <datafield tag="505" ind1=" " ind2=" ">
    <subfield code="g">Unidad 1</subfield>
    <subfield code="t">Materia y energ&#xED;a --</subfield>
    <subfield code="g">Unidad 2</subfield>
    <subfield code="t">Clasificaci&#xF3;n y estructura de la materia --</subfield>
    <subfield code="g">Unidad 3</subfield>
    <subfield code="t">Agrupaci&#xF3;n de &#xE1;tomos --</subfield>
    <subfield code="g">Unidad 4</subfield>
    <subfield code="t">F&#xF3;rmulas y funciones qu&#xED;micas --</subfield>
    <subfield code="g">Unidad 5</subfield>
    <subfield code="t">Las mezclas  -- </subfield>
    <subfield code="g">Unidad 6</subfield>
    <subfield code="t"> Reacciones qu&#xED;micas --</subfield>
    <subfield code="g">Unidad 7</subfield>
    <subfield code="t">Procesos qu&#xED;micos relevantes --</subfield>
    <subfield code="t">Dicionario cienf&#xED;fico --</subfield>
    <subfield code="t">Tabla peri&#xF3;dica.</subfield>
  </datafield>
  <datafield tag="650" ind1=" " ind2="4">
    <subfield code="a">QU&#xCD;MICA</subfield>
    <subfield code="x">ENSE&#xD1;ANZA SECUNDARIA</subfield>
  </datafield>
  <datafield tag="650" ind1=" " ind2="4">
    <subfield code="a">QU&#xCD;MICA</subfield>
    <subfield code="x">EDUCACI&#xD3;N SECUNDARIA</subfield>
  </datafield>
  <datafield tag="650" ind1=" " ind2="4">
    <subfield code="a">QU&#xCD;MICA</subfield>
    <subfield code="x">ESTUDIOS Y EJERCICIOS</subfield>
  </datafield>
  <datafield tag="650" ind1=" " ind2="4">
    <subfield code="a">QU&#xCD;MICA</subfield>
    <subfield code="x">LIBROS DE TEXTOS</subfield>
  </datafield>
  <datafield tag="650" ind1=" " ind2="4">
    <subfield code="a">EDUCACI&#xD3;N SECUNDARIA</subfield>
    <subfield code="z">REP&#xDA;BLICA DOMINICANA</subfield>
  </datafield>
  <datafield tag="700" ind1="1" ind2=" ">
    <subfield code="a">Ca&#xF1;as Cort&#xE1;zar, Ana</subfield>
  </datafield>
  <datafield tag="700" ind1="1" ind2=" ">
    <subfield code="a">Aguas Vanin, Luis  Miguel, </subfield>
    <subfield code="e">ed. </subfield>
  </datafield>
  <datafield tag="700" ind1="1" ind2=" ">
    <subfield code="a">Cid, Henry, </subfield>
    <subfield code="e">il. </subfield>
  </datafield>
  <datafield tag="700" ind1="1" ind2=" ">
    <subfield code="a">Amiama Espaillat, Cristina</subfield>
    <subfield code="e">ed.</subfield>
  </datafield>
  <datafield tag="830" ind1=" " ind2="0">
    <subfield code="p">Proyecto saber m&#xE1;s</subfield>
  </datafield>
  <datafield tag="910" ind1=" " ind2=" ">
    <subfield code="a">Validado. Control de calidad MFF</subfield>
  </datafield>
  <datafield tag="942" ind1=" " ind2=" ">
    <subfield code="2">ddc</subfield>
    <subfield code="c">BK</subfield>
  </datafield>
  <datafield tag="945" ind1=" " ind2=" ">
    <subfield code="a">Remanejado para la BNPHU, 2018 / BT</subfield>
  </datafield>
  <datafield tag="952" ind1=" " ind2=" ">
    <subfield code="0">0</subfield>
    <subfield code="1">0</subfield>
    <subfield code="2">ddc</subfield>
    <subfield code="4">0</subfield>
    <subfield code="7">0</subfield>
    <subfield code="8">CE</subfield>
    <subfield code="a">BPMET</subfield>
    <subfield code="b">BPMET</subfield>
    <subfield code="d">2016-05-09</subfield>
    <subfield code="e">Donaci&#xF3;n</subfield>
    <subfield code="l">0</subfield>
    <subfield code="o">373.54 Q69e     1ro.   2009</subfield>
    <subfield code="p">BPMSU16050165</subfield>
    <subfield code="r">2016-05-09</subfield>
    <subfield code="w">2016-05-09</subfield>
    <subfield code="y">BK</subfield>
  </datafield>
  <datafield tag="956" ind1=" " ind2=" ">
    <subfield code="2">LOPEREZ</subfield>
    <subfield code="3">10</subfield>
    <subfield code="6">20160905</subfield>
    <subfield code="8">BPMSU</subfield>
    <subfield code="a">00041</subfield>
  </datafield>
  <datafield tag="999" ind1=" " ind2=" ">
    <subfield code="c">10036</subfield>
    <subfield code="d">10036</subfield>
  </datafield>
</record>
